000 00441nam a2200193Ia 4500
005 20250423094646.0
008 250422s9999 xx 000 0 und d
020 _a9780136073383
050 _aHD 70 .E24/
100 _aEbert, Ronald J.
245 0 _aBusiness essentials
250 _a7th ed.
260 _aUpper Saddle River, N.J.
260 _bPearson
260 _c2009
300 _a293 p
650 _aBusiness
942 _cBK
999 _c27906
_d27906